Things That Are Hot - Statistics

General Stats
  • This quiz has been taken 291 times
  • The average score is 13 of 26
Answer Stats
Hint Answer % Correct
Sausage sandwich Hot {Dog}
87%
Film starring Marilyn Monroe {Some} {Like} { It} Hot
76%
Popular miniature toy cars Hot {Wheel}
74%
Someone who gets angry easily Hot {Head}
73%
Fancy sports car Hot {Rod}
71%
To illegally start a vehicle without a key Hot {Wire}
71%
More intense shade of fuchsia Hot {Pink}
70%
Hottest planet in the Solar System Venus
70%
Menopausal Symptom Hot {Flash}
69%
Band with lead vocalist Anthony Kiedis and bassist Flea {Red} Hot {Chili} {Peppers}
65%
Very short amount of time Hot {Second}
55%
A person or thing that is spectacularly unsuccessful or disordered Hot {Mess}
54%
A sexy person Hottie
54%
Another word for flapjacks (U.S. definition) Hot {Cakes}
53%
To be full of lies, exaggerations, or nonsense is to be full of... Hot {Air}
51%
Place where plants are grown in a relatively warm temperature Hot {House}
51%
The position of someone who is in trouble Hot {Seat}
50%
Device used for hydrotherapy, relaxation or pleasure Hot {Tub}
41%
Chinese cooking method done at the table Hot {Pot}
35%
Someone who insists on showing off their talent Hot {Shot}
34%
Tennessee Williams play {Cat} {On} {A} Hot {Tin} {Roof}
31%
Practical joke involving matches and shoes Hot {Foot}
25%
Controversial issue that is unpleasant to deal with Hot {Potato}
25%
Juicy celebrity gossip Hot {Topic}
24%
Lustful; passionate Hot {Blooded}
10%
Where deadly viruses are kept Hot {Zone}
9%
No matching quizzes found
Score Distribution
Percent of People with Each Score
Percentile by Number Answered
Your Score History
You have not taken this quiz